Équipes-types de la Ligue des Champions : 2020 - Statistiques

Statistiques générales
  • Ce quiz a été pris 1 660 fois
  • Le résultat moyen est 17 sur 23
Statistiques - réponses
Joueur Club % Correct
Manuel Neuer Bayern Munich
99%
Jan Oblak Atlético Madrid
97%
Kylian Mbappé PSG
95%
Neymar PSG
94%
Lionel Messi FC Barcelone
93%
Anthony Lopes Olympique Lyonnais
91%
Robert Lewandowski Bayern Munich
90%
Joshua Kimmich Bayern Munich
89%
Kevin de Bruyne Manchester City
89%
Marquinhos PSG
89%
Virgil Van Dijk Liverpool
89%
Thomas Muller Bayern Munich
81%
Serge Gnabry Bayern Munich
73%
Alphonso Davies Bayern Munich
71%
Leon Goretzka Bayern Munich
71%
David Alaba Bayern Munich
67%
Dayot Upamecano RB Leipzig
66%
Raheem Sterling Manchester City
66%
Houssem Aouar Olympique Lyonnais
60%
Thiago Alcantara Bayern Munich
48%
Papu Gomez Atalanta
31%
Marcel Sabitzer RB Leipzig
30%
Angeliño RB Leipzig
28%
Aucun quiz correspondant
Distribution des résultats
% des personnes avec chaque résultat
Percentile par nombre de réponses
Votre historique - résultats
Vous n’avez pas pris ce quiz